00475nam a22001697a 450000500170000001000150001702000260003203500140005803700130007208200110008510000310009624500570012726000390018427000420022330000200026570000200028520240403154119.0 aENG-139520 c799.00a9789385503283 aEN-123052 bDBAD/PUB a808.88 aSiddiqui Mohammad Shaheer  aIconic Kalam:bAn Anthology of Thoughts & Practices/ aMohan GardenbNew Delhi Publishers b NewDelhia90, Sainik Vihar, e110059 a180p.c25cm(hb) aSubhankar Ghosh